00385nam a2200157Ia 4500003000400000008004100004040001600045082001700061100001000078245005100088260002000139650001500159650001200174650001900186650002200205GCL140319s9999 xx 000 0 eng d aGCL / cGCL04aCHb843bH M1 aHEMMA10aMUNGO: LE PETIT SINGE DANS LA JUNGLE / cHEMMA a[S.N] : bHEMMA04aLITERATURE04aFICTION04aFRENCH FICTION04aFRENCH LITERATURE